| 000 | 00715nam a2200253 i 4500 | ||
|---|---|---|---|
| 001 | bg | ||
| 100 | 1 | _aNiewiadoma, Maria. | |
| 245 | 1 | 0 |
_aRachunkowość : _bteoria ogólna i zadania z rozwiązaniami / _cMaria Niewiadoma. |
| 260 |
_aWarszawa : _bCentrum Doradztwa i Informacji Difin, _c2008. |
||
| 300 |
_a262 s. ; _c23 cm. |
||
| 490 | 1 | _aVademecum Rachunkowości | |
| 650 | 9 | _aRachunkowość | |
| 655 | _aPodręczniki akademickie | ||
| 830 | _aVademecum Rachunkowości | ||
| 015 | _aPB 30392/2008 | ||
| 020 | _a9788372519566 | ||
| 040 | _cBPK | ||
| 041 | _apol | ||
| 044 | _aPOL | ||
| 080 | _a657(075.8) | ||
| 920 | _a978-83-7251-956-6 | ||
| 942 | _cKS | ||
| 008 | 090702s2008 pl |000 0 pol | ||
| 999 |
_c56425 _d56425 |
||
| 856 |
_uhttp://koha.tu.koszalin.pl/cgi-bin/koha/opac-detail.pl?biblionumber=56425 _yKatalog online BPK |
||